LIBRARY & INFORMATION CENTRE, KCAET, TAVANUR

ONLINE PUBLIC ACCESS CATALOGUE (OPAC)

Normal view MARC view
  • Forster, R. H

Entry Personal Name

Number of records used in: 1

001 - CONTROL NUMBER

  • control field: 6167

003 - CONTROL NUMBER IDENTIFIER

  • control field: OSt

005 - DATE AND TIME OF LATEST TRANSACTION

  • control field: 20240321155438.0

008 - FIXED-LENGTH DATA ELEMENTS

  • fixed length control field: 240321|| aca||aabn | a|a d

040 ## - CATALOGING SOURCE

  • Original cataloging agency: OSt
  • Transcribing agency: OSt

100 ## - HEADING--PERSONAL NAME

  • Personal name: Forster, R. H

670 ## - SOURCE DATA FOUND

  • Source citation: Work cat.: (OSt)6937: O`Kelly, Elizabeth . 6166, Processing and storage of food grains by rural families / , 1983.
free website counter